Il culto di concordia e la lotta politica tra IV e II sec. a.C

Saved in:
書目詳細資料
主要作者: D'Arco, Inés (Author)
格式: 圖書
語言:意大利语
出版: Roma Istituto Italiano per la Storia Antica 1998
版:1a. ed
叢編:Studi, 68
主題:
標簽: 添加標簽
沒有標簽, 成為第一個標記此記錄!

MARC

LEADER 00000cam a2200000 a 4500
001 UCD9070
003 CL-VaPUC
008 170602e19980000it |||||||||||||||||ita|d
082 0 4 |a 937  |b DAR  |2 21 
100 0 |a D'Arco, Inés  |e author  |9 592745 
245 1 3 |a Il culto di concordia e la lotta politica tra IV e II sec. a.C 
250 |a 1a. ed 
300 |a 110 p 
942 |c BK 
945 |d 20170602 23:29:00  |a dcastane 
260 |a Roma  |b Istituto Italiano per la Storia Antica  |c 1998 
650 0 |a Historia de Roma   |9 315349 
650 0 |a Historia antigua  |9 267521 
583 |a last modification  |c 20170602 23:29:00  |k Rodrigo Vera 
490 0 |a Studi, 68 
999 |c 368364  |d 368362 
952 |0 0  |1 0  |3 erb  |4 0  |6 937_000000000000000_DAR_1998  |7 0  |8 A  |9 483659  |a FDOLAF  |b FDOLAF  |e Laffi, Umberto, 1939-  |i 5394759  |o 937 DAR 1998  |p 5394759  |r 2024-01-30  |w 2019-11-24  |y BK  |z Catalogado en:20170602  |k LAF